000 00511nam a22001817a 4500
999 _c26922
_d26922
003 BDDh-ASL
005 20231015030712.0
008 211020n ii ||||| |||| 00| 0 u d
040 _aBDDh-ASL
_cBDDh-ASL
082 _a297.3
_bHUR
100 1 _95256
_aHussain, Maulavi Syed Mohammad Muazzam
245 1 0 _aRisala Zakat : / رسالۂ زکوۃ
260 _aKanpur :
_bNizami Press ,
300 _a48 p. :
_c25 cm.
505 _aPages are missing from Last
650 0 _91652
_aIslam
942 _2ddc
_cBK